000 00789naa a2200145 i 4500
001 10412
003 KOSZ 005
005 20180421115206.0
008 180316s2008 pl ||||f |||| 00| 0 pol d
040 _aKOSZ 005/HR
_cKOSZ 005/HR
100 1 _aCZERWIŃSKA-JAŚKIEWICZ, Małgorzata.
_d2002 - .
_bPolitechnika Koszalińska - Instytut Ekonomii i Zarządzania,
_cZakład Marketingu
245 1 0 _aOcena poziomu i jakości życia mieszkańców obszarów wiejskich Pomorza Środkowego /
_cMałgorzata Czerwińska.
773 0 _iW :
_tPomorze Środkowe - społeczeństwo, wieś, gospodarka : wybrane problemy / [red. nauk. Danuta Zawadzka]. -
_dKoszalin : Polskie Towarzystwo Ekonomiczne. Oddział : Fundacja Nauka dla Środowiska. Politechnika Koszalińska, 2008. -
_gs. 127-146
942 _2UKD
_cROZ
999 _c10412
_d10412